Ťarcha dlhu

Environmentálne a sociálne problémy vyvolané úsilím správať sa ekonomicky. Situácia vo svete a v jednotlivých krajinách. Dlžníci a veritelia. Finančné toky prúdiace medzi krajinami. Monetárna politika centrálnych bánk. Emisia hotových peňazí. Finančný systém založený na dlhu. Politická vôľa k radiká...

Ausführliche Beschreibung

Gespeichert in:
Bibliographische Detailangaben
1. Verfasser: Szabová, Monika
Format: Buchkapitel
Sprache:Slowakisch
Schlagworte:
Tags: Tag hinzufügen
Keine Tags, Fügen Sie das erste Tag hinzu!

MARC

LEADER 00000naa$a2200000$$$4500
001 0115175
005 20231006123714.3
041 0 |a slo 
044 |a SK 
245 1 0 |a Ťarcha dlhu  |c Monika Szabová 
520 |a Environmentálne a sociálne problémy vyvolané úsilím správať sa ekonomicky. Situácia vo svete a v jednotlivých krajinách. Dlžníci a veritelia. Finančné toky prúdiace medzi krajinami. Monetárna politika centrálnych bánk. Emisia hotových peňazí. Finančný systém založený na dlhu. Politická vôľa k radikálnemu kroku. 
610 2 0 |a trh finančný medzinárodný 
610 2 0 |a kríza finančná 
610 2 0 |a banky centrálne 
610 2 0 |a dlhy štátne 
610 2 0 |a dlhy verejné 
610 2 0 |a politika menová 
610 2 0 |a politika fiškálna 
610 2 0 |a politika peňažná 
610 2 0 |a bilancia platobná 
610 2 0 |a deficit 
610 2 0 |a inflácia 
100 1 |a Szabová, Monika